Sports en image par lettre - D / E - Statistiques

Statistiques générales
  • Ce quiz a été pris 115 fois
  • Le résultat moyen est 7 sur 12
Statistiques - réponses
Par images Réponse % Correct
Danse
98%
Escrime
94%
Equitation
93%
Escalade
91%
Echecs
85%
Deltaplane
84%
Esport
74%
Dodgeball
42%
Enduro
18%
Disc golf
13%
Dragon boat
4%
Double dutch
1%
Aucun quiz correspondant
Distribution des résultats
% des personnes avec chaque résultat
Percentile par nombre de réponses
Votre historique - résultats
Vous n’avez pas pris ce quiz